<?xml version="1.0" encoding="UTF-8"?>
<marc:record xmlns:marc="http://www.loc.gov/MARC21/slim">
   <marc:leader>00000nam a2200000 a 4500</marc:leader>
   <marc:datafield ind1="1" ind2=" " tag="100">
      <marc:subfield code="a">Peirano, Julia</marc:subfield>
      <marc:subfield code="4">aut</marc:subfield>
      <marc:subfield code="e">Verfasser/-in</marc:subfield>
   </marc:datafield>
   <marc:datafield ind1=" " ind2=" " tag="653">
      <marc:subfield code="a">Zwischenmenschliche Beziehung</marc:subfield>
   </marc:datafield>
   <marc:datafield ind1=" " ind2=" " tag="653">
      <marc:subfield code="a">Softcover / Ratgeber/Lebenshilfe</marc:subfield>
   </marc:datafield>
   <marc:datafield ind1=" " ind2=" " tag="653">
      <marc:subfield code="a">Alltag/Lebensführung</marc:subfield>
   </marc:datafield>
   <marc:datafield ind1=" " ind2=" " tag="653">
      <marc:subfield code="a">Persönliche Entwicklung</marc:subfield>
   </marc:datafield>
   <marc:datafield ind1=" " ind2=" " tag="653">
      <marc:subfield code="a">9</marc:subfield>
   </marc:datafield>
   <marc:datafield ind1=" " ind2=" " tag="653">
      <marc:subfield code="a">Ratgeber</marc:subfield>
   </marc:datafield>
   <marc:datafield ind1="0" ind2="0" tag="245">
      <marc:subfield code="a">SOS in der Liebe ... und wie man trotzdem glücklich wird</marc:subfield>
   </marc:datafield>
   <marc:datafield ind1="0" ind2="0" tag="245">
      <marc:subfield code="c">Julia Peirano</marc:subfield>
   </marc:datafield>
   <marc:datafield ind1=" " ind2="1" tag="264">
      <marc:subfield code="a">Freiburg, Br.</marc:subfield>
      <marc:subfield code="b">Kreuz</marc:subfield>
      <marc:subfield code="c">2013</marc:subfield>
   </marc:datafield>
   <marc:datafield ind1="1" ind2=" " tag="520">
      <marc:subfield code="a">Angaben aus der Verlagsmeldung

SOS in der Liebe : ... und wie man trotzdem glücklich wird / von Julia Peirano

Liebt er mich? Oder nicht? Warum nicht? Warum ist es so schwer mit der Liebe? Gehen oder bleiben? Mache ich immer alles falsch oder woran liegt es? Lieber Single bleiben? Werde ich je meine große Liebe finden?
Unglück in der Liebe begegnet uns in vielen Gestalten. Sei es im verzweifelten Sehnen nach einer Liebe, sei es nach einer Trennung oder in einer unbefriedigenden Beziehung - schmerzhaft ist es immer. Julia Peirano nimmt den Schmerz unter die Lupe und bietet eine aufschlussreiche Sichtweise auf das Liebesleid. Sie bereitet mit lebensnahen Beispielen die Hintergründe des Leids und die psychologischen Muster auf und regt durch Übungen mit Fragen die Leser zum Nachdenken über die eigene Geschichte an. Für die Akutsituation nach einer Trennung gibt es einen Notfallplan, zudem eine weit gefächerte Palette an erprobten Methoden, wie Leser stärker werden können und dabei trotzdem liebesfähig bleiben. Und sie zeigt im einprägsamen Bild des leidenschaftlichen argentinischen Tango, wie der Tanz der Liebe gelingen kann. Denn Liebeskummer birgt in vielerlei Hinsicht ein enormes Potenzial für Wachstum und Glück.
</marc:subfield>
   </marc:datafield>
   <marc:datafield ind1=" " ind2=" " tag="020">
      <marc:subfield code="a">9783451611643</marc:subfield>
      <marc:subfield code="9">9783451611643</marc:subfield>
   </marc:datafield>
   <marc:datafield ind1=" " ind2=" " tag="020">
      <marc:subfield code="a">3451611643</marc:subfield>
      <marc:subfield code="9">3451611643</marc:subfield>
   </marc:datafield>
   <marc:datafield ind1=" " ind2=" " tag="041">
      <marc:subfield code="a">ger</marc:subfield>
   </marc:datafield>
   <marc:datafield ind1=" " ind2=" " tag="300">
      <marc:subfield code="a">219 S.</marc:subfield>
   </marc:datafield>
</marc:record>
